00623nam a2200145Ia 4500008004100000050002400041100003300065245010500098260008600203300002800289521002700317942000700344999001900351952010700370140724s9999 xx 000 0 und d aQA 76.5b.V447 2008 aVenadas, Mark Francis Roque. 2aA computerized inventory system for Venflor Enterprises, Incorporated /cMark Francis Roque Venadas. aLas Piñas, Philippines :bSouthville International School and Colleges,cc2008. a55 p. :bill. ;c28 cm. aInformation Technology cTH c228715d228715 001040aCLbCLcTHESESd2014-07-24l0oQA 76.5 .V447 2008pT0069r2017-03-23 00:00:00w2014-07-24yTH